Optical photon transport and geometry contributions to time response of scintillation detectors; Modern Physics C; Vol. 29, iss. 9

Xehetasun bibliografikoak
Parent link:Modern Physics C
Vol. 29, iss. 9.— 2018.— [1850091, 11 р.]
Egile nagusia: Ghal-Eh N. Nima
Erakunde egilea: Национальный исследовательский Томский политехнический университет Инженерная школа ядерных технологий Отделение ядерно-топливного цикла
Beste egile batzuk: Aliannezhadi M. Maryam, Bedenko S. V. Sergey Vladimirovich
Gaia:Title screen
The sensitivities of both time and energy resolutions of a typical scintillation detector to major optical parameters (i.e. paint reflectivity, quantum efficiency of photomultiplier tube and attenuation coefficient) have been estimated using a dedicated Monte Carlo (MC) optical photon transport (OPT) simulation code, PHOTRACK, and the OPT capabilities of general-purpose code, FLUKA. Both cylindrical and parallelepiped geometries have been considered for the scintillator cell and lightguide. The results determine the scintillation light wavelength regions that the energy and time resolution represent enhanced sensitivities to small change/uncertainty in optical parameters.
Режим доступа: по договору с организацией-держателем ресурса
Hizkuntza:ingelesa
Argitaratua: 2018
Gaiak:
Sarrera elektronikoa:https://doi.org/10.1142/S0129183118500912
Formatua: Baliabide elektronikoa Liburu kapitulua
KOHA link:https://koha.lib.tpu.ru/cgi-bin/koha/opac-detail.pl?biblionumber=658981

MARC

LEADER 00000naa0a2200000 4500
001 658981
005 20250228173851.0
035 |a (RuTPU)RU\TPU\network\27259 
090 |a 658981 
100 |a 20181220d2018 k||y0rusy50 ba 
101 0 |a eng 
102 |a US 
135 |a drcn ---uucaa 
181 0 |a i  
182 0 |a b 
200 1 |a Optical photon transport and geometry contributions to time response of scintillation detectors  |f N. Ghal-Eh, M. Aliannezhadi, S. V. Bedenko 
203 |a Text  |c electronic 
300 |a Title screen 
330 |a The sensitivities of both time and energy resolutions of a typical scintillation detector to major optical parameters (i.e. paint reflectivity, quantum efficiency of photomultiplier tube and attenuation coefficient) have been estimated using a dedicated Monte Carlo (MC) optical photon transport (OPT) simulation code, PHOTRACK, and the OPT capabilities of general-purpose code, FLUKA. Both cylindrical and parallelepiped geometries have been considered for the scintillator cell and lightguide. The results determine the scintillation light wavelength regions that the energy and time resolution represent enhanced sensitivities to small change/uncertainty in optical parameters. 
333 |a Режим доступа: по договору с организацией-держателем ресурса 
461 1 |t Modern Physics C 
463 1 |t Vol. 29, iss. 9  |v [1850091, 11 р.]  |d 2018 
610 1 |a электронный ресурс 
610 1 |a труды учёных ТПУ 
610 1 |a scintillator 
610 1 |a PHOTRACK 
610 1 |a FLUKA 
610 1 |a sensitivity 
610 1 |a time resolution 
610 1 |a сцинтилляторы 
610 1 |a чувствительность 
610 1 |a чувствительность 
610 1 |a временное разрешение 
700 1 |a Ghal-Eh  |b N.  |g Nima 
701 1 |a Aliannezhadi  |b M.  |g Maryam 
701 1 |a Bedenko  |b S. V.  |c physicist  |c Associate Professor of Tomsk Polytechnic University, Candidate of physical and mathematical sciences  |f 1980-  |g Sergey Vladimirovich  |3 (RuTPU)RU\TPU\pers\30831  |9 15078 
712 0 2 |a Национальный исследовательский Томский политехнический университет  |b Инженерная школа ядерных технологий  |b Отделение ядерно-топливного цикла  |3 (RuTPU)RU\TPU\col\23554 
801 2 |a RU  |b 63413507  |c 20181220  |g RCR 
856 4 |u https://doi.org/10.1142/S0129183118500912 
942 |c CF